000 00913nam a2200265 a 4500
001 000020001
005 20200929170226.0
008 100709s1969 sp 001 p spa d
040 _aDO-SdBNP
_bspa
_cBNPHU
082 _a861.3
_bJ912ó, 1969
100 1 _aJuan de la Cruz,
_cSanto,
_b1542-1591
_914569
245 1 0 _aObras escogidas /
_cSan Juan de la Cruz ; edición y prólogo de Ignacio B. Anzoátegui.
250 _a6a ed.
260 _aMadrid :
_bEspasa-Calpe,
_c1969.
300 _a148, [18] p. ;
_c18 cm.
490 1 _aAustral. Violeta: teatro y poesía
_v326
650 4 _aPoesía española
_9631
650 4 _aTeatro español
_93071
650 4 _aCartas españolas
_99744
650 4 _aLiteratura española
_ySIGLO XVI
_98688
700 1 _aAnzoátegui, Ignacio B.,
_eed.
_942601
830 0 _aAustral.
_pVioleta: teatro y poesía;
_v326
_939559
910 _aCatalogación por copia WM
049 _aBNGR
999 _c19513
_d19513